000 00531nam a2200181Ia 4500
005 20250508162503.0
008 008 250505s9999 xx 000 0 eng d
037 _aTextual
040 _aFEDL
_beng
_cFEDL
041 _aeng
_2eng
084 _a371.73, KAM
_qFEDL
100 _aKamlesh M L
_9609222
245 0 _aPsychology of physical education and sports
260 _aNew Delhi, India
_bMetopolitan Book Co. Pvt. Ltd.
_c1983
300 _ax,447p.
942 _cTEXL
_h371.73, KAM
999 _c1376861
_d1376861